000 01154cam a2200301 a 4500
001 16256819
005 20260115095422.0
008 100528s2010 maua b 000 0deng
010 _a 2010022447
020 _a9781590306741 (pbk. : alk. paper)
040 _aDLC
_cDLC
_dDLC
050 0 0 _aBQ972.U64
_bK63 2010
082 0 0 _a294.34435
_223
100 1 _aKnaster, Mirka.
_922095
245 1 0 _aLiving this life fully :
_bstories and teachings of Munindra /
_cMirka Knaster in collaboration with C. Robert Pryor ; foreword by Joseph Goldstein.
260 _aBoston :
_bShambhala,
_c2010.
300 _axxv, 252 pages :
_billustrations ;
_c23 cm.
500 _aS-KN: Ashin Khemānanda
504 _aIncludes bibliographical references.
600 1 0 _aMunindra, Anagarika,
_d1915-2003
_xTeachings.
_922096
650 0 _aDharma (Buddhism)
650 0 _aBuddhism
_xMeditation.
_913941
650 0 _aVipassana-meditation.
_922097
700 1 _aPryor, C. Robert.
_922098
906 _a7
_bcbc
_corignew
_d1
_eecip
_f20
_gy-gencatlg
942 _2ddc
_cBK1
999 _c23340
_d23340